Shear retrofitting with manually made nsm frp sheets (MMFRP) OF RC beams / (رقم التسجيلة. 179051)

تفاصيل مارك
000 -LEADER
fixed length control field 04432namaa22004211i 4500
003 - CONTROL NUMBER IDENTIFIER
control field EG-GICUC
005 - أخر تعامل مع التسجيلة
control field 20260412112311.0
008 - FIXED-LENGTH DATA ELEMENTS--GENERAL INFORMATION
fixed length control field 260315s2024 ua a|||frm||| 000 0 eng d
040 ## - CATALOGING SOURCE
Original cataloguing agency EG-GICUC
Language of cataloging eng
Transcribing agency EG-GICUC
Modifying agency EG-GICUC
Description conventions rda
041 0# - LANGUAGE CODE
Language code of text/sound track or separate title eng
Language code of summary or abstract eng
-- ara
049 ## - Acquisition Source
Acquisition Source Deposit
082 04 - DEWEY DECIMAL CLASSIFICATION NUMBER
Classification number 624.17723
092 ## - LOCALLY ASSIGNED DEWEY CALL NUMBER (OCLC)
Classification number 624.17723
Edition number 21
097 ## - Degree
Degree Ph.D
099 ## - LOCAL FREE-TEXT CALL NUMBER (OCLC)
Local Call Number Cai01.13.05.Ph.D.2024.Mo.S
100 0# - MAIN ENTRY--PERSONAL NAME
Authority record control number or standard number Mohamed GamalEldin Sayed Abdelmohaymen,
Preparation preparation.
245 10 - TITLE STATEMENT
Title Shear retrofitting with manually made nsm frp sheets (MMFRP) OF RC beams /
Statement of responsibility, etc. by Mohamed GamalEldin Sayed Abdelmohaymen ; Supervisors Prof. Dr. Hamed Mohamed Mahmoud Salem.
246 15 - VARYING FORM OF TITLE
Title proper/short title ترميم القص لكمرات من الخرسانه المسلحه باستخدام الواح الياف ‏البوليمر الكربونيه المصنعه يدويا وتوجد اسفل السطح الخرساني
264 #0 - PRODUCTION, PUBLICATION, DISTRIBUTION, MANUFACTURE, AND COPYRIGHT NOTICE
Date of production, publication, distribution, manufacture, or copyright notice 2025.
300 ## - PHYSICAL DESCRIPTION
Extent 75 pages :
Other physical details illustrations ;
Dimensions 30 cm. +
Accompanying material CD.
336 ## - CONTENT TYPE
Content type term text
Source rda content
337 ## - MEDIA TYPE
Media type term Unmediated
Source rdamedia
338 ## - CARRIER TYPE
Carrier type term volume
Source rdacarrier
502 ## - DISSERTATION NOTE
Dissertation note Thesis (Ph.D)-Cairo University, 2025.
504 ## - BIBLIOGRAPHY, ETC. NOTE
Bibliography, etc. note Bibliography: pages 73-75.
520 #3 - SUMMARY, ETC.
Summary, etc. This thesis presents an experimental study to evaluate the effectiveness of the proposed <br/>carbon manually made fibre reinforced polymer (MMFRP) folded sheet for shear <br/>strengthening of nine RC beams using near surface-mounted (NSM) method, in addition to <br/>an unstrengthened control beam. In the laboratory, MMFRP folded sheets were manually <br/>manufactured. MMFRP is made by folding an FRP sheet into appropriate groove widths. <br/>Carbon MMFRP folded sheets with varying strip amounts, FRP areas and development <br/>lengths, increase the shear strength of rectangular reinforced concrete (RC) beams. In <br/>comparison to the control beam, beams with double, triple, and quadruple strips demonstrate <br/>68%, 59% and 74% improvements in shear-load carrying capacity, respectively. However, <br/>the study discovered that if the number of strips, FRP area or development length is raised, <br/>the member's shear strength capability is estimated to improve.
520 #3 - SUMMARY, ETC.
Summary, etc. يقدم هذا البحث دراسة تجريبية لتقييم فعالية الشريحه المطوية المصنوعة يدويًا من البوليمر المقوى بالألياف الكربونية (MMFRP) لتقوية القص لتسع كمرات من الخرسانه المسلحه باستخدام طريقة التثبيت بالقرب من السطح (NSM) ، بالإضافة إلى كمره غير مدعمه لدراسة التحكم. تم تصنيع الشرائح المطوية المصنوعة من MMFRP يدويًا في المعمل. تم تصنيع MMFRP عن طريق طي شريحه FRP ووضعها داخل تجويف مناسب في الكمره الخرسانيه. تتعدد اعداد الشرائح المطوية المصنوعة من الكربون MMFRP بكميات مختلفة ومساحة مقطع مختلف وأطوال تماسك مختلفه. يتم استكشاف مزايا تدعيم الكمرات باستخدام شرائح مطوية مختلفة من MMFRP بناءً على النتائج التجريبية. بالمقارنة مع كمرة التحكم ، تُظهر الكمرات ذات الشرائح المزدوجة والثلاثية والرباعية تحسينات بنسبة 68٪ و 59٪ و 74٪ في قدرة تحمل حمل القص ، على التوالي. ومع ذلك ، اكتشفت الدراسة أنه إذا تم رفع عدد الشرائح أو مساحة FRP أو طول التماسك ، فمن المتوقع أن تتحسن قدرة مقاومة القص للعنصر الانشائي.
530 ## - ADDITIONAL PHYSICAL FORM AVAILABLE NOTE
Issues CD Issues also as CD.
546 ## - LANGUAGE NOTE
Text Language Text in English and abstract in Arabic & English.
650 #0 - SUBJECT ADDED ENTRY--TOPICAL TERM
Topical term or geographic name entry element Concrete beams
650 #0 - SUBJECT ADDED ENTRY--TOPICAL TERM
Topical term or geographic name entry element عوارض خرسانية
653 #1 - INDEX TERM--UNCONTROLLED
Uncontrolled term shear strengthening
-- NSM FRP strip
-- CFRP
-- MMFRP
-- Reinforced concrete beams
-- تدعيم القص
-- التدعيم القريب من السطح
700 0# - ADDED ENTRY--PERSONAL NAME
Personal name Hamed Mohamed Mahmoud Salem
Relator term thesis advisor.
900 ## - Thesis Information
Grant date 01-01-2025
Supervisory body Hamed Mohamed Mahmoud Salem
Discussion body Hany Ahmed Aly Abd ALLAH
-- Ghada Diaa Abd El-Hameed Ahmed
Universities Cairo University
Faculties Faculty of Engineering
Department Department of Structural Engineering
905 ## - Cataloger and Reviser Names
Cataloger Name Shimaa
Reviser Names Eman Ghareb
942 ## - ADDED ENTRY ELEMENTS (KOHA)
Source of classification or shelving scheme Dewey Decimal Classification
Koha item type Thesis
Edition 21
Suppress in OPAC No
المقتنيات
Source of classification or shelving scheme Home library Current library Date acquired Inventory number Full call number Barcode Date last seen Effective from Koha item type
Dewey Decimal Classification المكتبة المركزبة الجديدة - جامعة القاهرة قاعة الرسائل الجامعية - الدور الاول 15.03.2026 93586 Cai01.13.05.Ph.D.2024.Mo.S 01010110093586000 15.03.2026 15.03.2026 Thesis
Cairo University Libraries Portal Implemented & Customized by: Eng. M. Mohamady Contacts: new-lib@cl.cu.edu.eg | cnul@cl.cu.edu.eg
CUCL logo CNUL logo
© All rights reserved — Cairo University Libraries
CUCL logo
Implemented & Customized by: Eng. M. Mohamady Contact: new-lib@cl.cu.edu.eg © All rights reserved — New Central Library
CNUL logo
Implemented & Customized by: Eng. M. Mohamady Contact: cnul@cl.cu.edu.eg © All rights reserved — Cairo National University Library